• 首页
  • 本馆介绍
  • 公告通知
  • 最新文献
  • 馆藏检索
  • 电子资源
  • 读者导购
  • 参考咨询
  • 我的图书馆
  • 登录
  • 详细信息显示
  • 放入我的书架
  • 预约/预借图书
  • 作者相关作品
  • 分类相关作品
  • 丛书相关作品
  • 出版社相关作品

书目信息

  • 表格格式
  • 工作单格式
  • 卡片格式
题名:
戏曲表演论集
    
 
作者: 阿甲 著
分册:  
出版信息: 上海   上海文艺出版社  1962
页数: 292页
开本: 20cm
丛书名:
单 册:
中图分类: J812.2-53
科图分类:
主题词: 戏曲表演--文集
电子资源:
ISBN:
000 00569nam0 2200217 45
001 0179002792
005 20060801082919.37
010    @dCNY0.99
091    @aCN@b10078.2054
100    @a19950724e19791962em y0chiy0121 ea
101 0  @achi
102    @aCN@b310000
105    @ay z 000by
200 10 @a戏曲表演论集@Axi qu biao yan lun ji@f阿甲著
210    @a上海@c上海文艺出版社@d1962@h1979重印
215    @a292页@d20cm
606    @a戏曲表演@x文集
690    @aJ812.2-53@v3
701  0 @a阿甲@Aa jia@4著
801  0 @aCN@bTSSF@c20060801
905    @a10447@dJ812.2-53@e48
    
    戏曲表演论集/阿甲著.-上海:上海文艺出版社,1962(1979重印)
    292页;20cm
    
    
    ISBN :CNY0.99
    
●
相关链接 在E读中查询图书 在五车中查询图书 在当当中查询图书 在豆瓣中查询图书


正题名:戏曲表演论集     索取号:J812.2-53/48         预约/预借

序号 登录号 条形码 馆藏地/架位号 状态 备注
1 0444023   204440239   密集书库/ [索取号:J812.2-53/48] 在馆    
2 0466134   204661348   密集书库/ [索取号:J812.2-53/48] 在馆    
3 0466135   204661357   密集书库/ [索取号:J812.2-53/48] 在馆    
唐山师范学院图书馆 欢迎您!
大连网信软件有限公司© 版权所有